| 000 | 00526nam a2200181Ia 4500 | ||
|---|---|---|---|
| 003 | GCL | ||
| 008 | 140319s9999 xx 000 0 ara d | ||
| 040 |
_aGCL / _cGCL |
||
| 082 | 0 | 4 |
_aد _b793 _bو م |
| 100 | 1 | _aوزارة الثقافة | |
| 245 | 1 | 0 |
_aالمسرح (هدية من الاديب عبدالفتاح الجمل) / _cوزارة الثقافة |
| 300 | _aمتعدد | ||
| 490 |
_aماذا اعرف _v0 |
||
| 650 | 0 | 4 | _aالمسرح |
| 650 | 0 | 4 | _aالمسرحيات |
| 650 | 0 | 4 | _aالدراما |
| 942 |
_2ddc _cCF |
||
| 999 |
_c27125 _d27125 |
||